000 00569nam a2200193 a 4500
001 000046817
005 20240412074305.0
008 180402s2015 dr 000 0 spa d
020 _a9789945083422
040 _aDO-SdBNP
_bspa
_cBNPHU
082 _aRD863.44
_bU75R
100 1 _aUreña, José
_964650
245 1 0 _aRuth :
_bEntre Dachau y Sosúa /
_cJosé Ureña.
260 _aSanto Domingo :
_bSoto Castillo,
_c2015.
300 _a262 p. ;
_c24 cm.
590 _aInventariado, 2018/VM
650 0 _aNovelas dominicanas
_929128
650 0 _aLiteratura dominicana.
_967
999 _c46306
_d46306